| 000 | 00491nam a22001937a 4500 | ||
|---|---|---|---|
| 005 | 20260513131004.0 | ||
| 008 | 260513b |||||||| |||| 00| 0 eng d | ||
| 020 |
_a9788126534562 _c1295.00 |
||
| 040 | _aMAIN | ||
| 041 | _aEnglish | ||
| 082 |
_a624.1517 _bJAE |
||
| 100 |
_aJaeger, J.C. _926815 |
||
| 245 | _aFundamentals of Rock Mechanics | ||
| 260 |
_aNew Delhi _bWiley _c2018 |
||
| 300 | _a475 | ||
| 650 |
_aGeology (PM USHA) _926712 |
||
| 700 |
_aCook, N. G. W _926816 |
||
| 942 | _cBK | ||
| 999 |
_c60786 _d60786 |
||